Un recorrido por el sendero, El Charco : (Record no. 10911)

MARC details
000 -LEADER
campo de control de longitud fija 00356nam a2200121Ia 4500
005 - FECHA Y HORA DE LA ÚLTIMA TRANSACCIÓN
campo de control 20260328104310.0
008 - DATOS DE LONGITUD FIJA--INFORMACIÓN GENERAL
campo de control de longitud fija 260328s9999||||xx |||||||||||||| ||und||
100 ## - ENTRADA PRINCIPAL--NOMBRE DE PERSONA
Nombre de persona De Sedas, Alejandro
245 #0 - MENCIÓN DEL TÍTULO
Título Un recorrido por el sendero, El Charco :
Resto del título Parque Nacional Soberanía, Panamá /
Mención de responsabilidad, etc. Alejandro De Sedas
300 ## - DESCRIPCIÓN FÍSICA
Extensión 77 p.
650 ## - PUNTO DE ACCESO ADICIONAL DE MATERIA--TÉRMINO DE MATERIA
Término de materia o nombre geográfico como elemento de entrada PANAMÁ
942 ## - ELEMENTOS DE ENTRADA SECUNDARIOS (KOHA)
Tipo de ítem Koha Libros
Holdings
Estatus retirado Estado de pérdida Estado de daño No para préstamo Colección Biblioteca de origen Biblioteca actual Ubicación en estantería Fecha de adquisición Número de inventario Total de préstamos Signatura topográfica completa Código de barras Visto por última vez Copia número Precio de reemplazo Tipo de ítem Koha
        General Biblioteca Gonzalo Peláez Caldas Biblioteca Gonzalo Peláez Caldas Colección general 28/03/2026 5153   720.67 D 4568 5153 28/03/2026 1 28/03/2026 Libros